Science Quiz

Random Science or Biology Quiz

Vowel-less Mammals Quiz Stats

 Plays Quiz Updated Sep 1, 2019

Score 0/20 Timer 04:00
2 Plays Today
Vowel-less Name Mammal % Correct
grzzly brGrizzly Bear
98.2%
chmpnzChimpanzee
96.6%
kngrKangaroo
95.7%
sqrrlSquirrel
95.7%
bngl tgrBengal Tiger
95.4%
hdghgHedgehog
95.3%
hmstrHamster
93.3%
rhncrsRhinoceros
91.8%
pssmOpossum
91%
bttlns dlphnBottlenose Dolphin
89.3%
Vowel-less Name Mammal % Correct
hppptmsHippopotamus
89.2%
lphntElephant
88.7%
rctc fxArctic Fox
83.4%
chthCheetah
81.1%
rngtnOrangutan
77.9%
ntlpAntelope
72.3%
cytCoyote
56.3%
nttrAnteater
55.9%
chdnEchidna
50.7%
mntManatee
46.2%

You're not logged in!

Compare scores with friends on all Sporcle quizzes.
OR
Log In

Sporcle TV

Today on Sporcle TV


Watch our educational content, quiz creation guides, and fun videos on Sporcle TV.

Show Comments

Extras

Top Quizzes Today


Score Distribution

Your Account Isn't Verified!

In order to create a playlist on Sporcle, you need to verify the email address you used during registration. Go to your Sporcle Settings to finish the process.

Report this User

Report this user for behavior that violates our Community Guidelines.

Details: